| 000 | 00399nam a2200133Ia 4500 | ||
|---|---|---|---|
| 008 | 250506s9999 xx 000 0 und d | ||
| 024 | _a10B-71-BS & 10B-54-BS | ||
| 082 | _a004.072 ABD | ||
| 100 | _aAbdul Baqui Khan & Rahid Sajid | ||
| 245 | 0 | _aProblems of Objects Collision Android | |
| 260 |
_aKarachi: _bUIT, _c2010 |
||
| 600 | _aComputer Science | ||
| 650 | _aBachelor of Computer Science (BS) | ||
| 999 |
_c27546 _d27546 |
||